Central Library OPAC University of Rajshahi

রবীন্দ্রগানের মুক্তধারা : (Record no. 43966)

MARC details
000 -LEADER
fixed length control field 00991nam a2200229 a 4500
001 - CONTROL NUMBER
control field 43966
003 - CONTROL NUMBER IDENTIFIER
rucl marc code BD-RjUL
005 - DATE AND TIME OF LATEST TRANSACTION
control field 20211209053758.0
008 - FIXED-LENGTH DATA ELEMENTS--GENERAL INFORMATION
fixed length control field 160629s1963 ii ||||| |||| 00| 0 ben d
035 ## - SYSTEM CONTROL NUMBER
System control number (BD-RjUL)44084
040 ## - CATALOGING SOURCE
Original cataloging agency BD-RjUL
Language of cataloging ben
Transcribing agency BD-RjUL
041 ## - LANGUAGE CODE
Language code of text/sound track or separate title ben
082 ## - DEWEY DECIMAL CLASSIFICATION NUMBER
Edition number 23
Classification number 891.441092
Author mark and year VOA 1963
100 ## - MAIN ENTRY--PERSONAL NAME
Personal name ভট্টাচার্য, অরুণ
9 (RLIN) 135055
245 10 - TITLE STATEMENT
Title রবীন্দ্রগানের মুক্তধারা :
Remainder of title রবীন্দ্রসংগীতের নান্দনিক বিশ্লেষণ /
Statement of responsibility, etc. অরুণ ভট্টাচার্য,
260 ## - PUBLICATION, DISTRIBUTION, ETC. (IMPRINT)
Place of publication, distribution, etc. কলিকাতা :
Name of publisher, distributor, etc. বুক হোম,
Date of publication, distribution, etc. ১৯৬৩
300 ## - PHYSICAL DESCRIPTION
Pagination ১৫৫ পৃ. ;
Size ২১ সেমি.
600 ## - SUBJECT ADDED ENTRY--PERSONAL NAME
Personal name Tagore, Rabindranath,
Dates associated with a name 1861-1941.
General subdivision Songs
650 ## - SUBJECT ADDED ENTRY--TOPICAL TERM
Topical term or geographic name as entry element ঠাকুর রবিন্দ্রনাথ,
Form subdivision ১৮৬১-১৯৪১
9 (RLIN) 135056
Topical term or geographic name as entry element Tagore, Rabindranath,
Form subdivision 1861-1941.
9 (RLIN) 135057
942 ## - ADDED ENTRY ELEMENTS (KOHA)
Source of classification or shelving scheme Dewey Decimal Classification
Koha item type Books
Holdings
Lost status Source of classification or shelving scheme Damaged status Not for loan Collection code Permanent Location Current Location Shelving location Date acquired Source of acquisition Cost, normal purchase price Total Checkouts Full call number Date last seen Copy number Koha item type
  Dewey Decimal Classification     Non-fiction Central Library, University of Rajshahi Central Library, University of Rajshahi   05/03/1984 Tulip Enterprise, Dhaka 18.00   B 891.441092 VOA 1963 29/06/2016 C-2 Books
  Dewey Decimal Classification     Non-fiction Central Library, University of Rajshahi Central Library, University of Rajshahi   05/03/1984 Tulip enter dhaka 18.00   B 891.441092 VOA 1963 20/07/2016 C-3 Books